Estadísticas para Países del Mar de la China Meridional

Haz click aquí para intentar la prueba.

Estadísticas generales

  • Esta prueba ha sido intentada 1.724 veces
  • La puntuación promedio es 7 de 8

Estadísticas de respuestas

País% Correcto
Vietnam
93%
Filipinas
92%
Indonesia
92%
Taiwán
92%
China
91%
Malasia
88%
Singapur
80%
Brunéi
79%

Distribución de puntuación

Porcentaje por número respondido

Porcentaje de gente con cada puntuación

Historial de tus puntuaciones

No has intentado esta prueba.